Origin of American Musical Artists #2 - Statistics

General Stats
  • This quiz has been taken 16 times
  • The average score is 14 of 26
Answer Stats
Hint Answer % Correct
Beyoncé Houston
92%
Selena (state) Texas
83%
OutKast Atlanta
75%
Kendrick Lamar Compton
75%
The Supremes Detroit
75%
Maroon 5 Los Angeles
75%
Red Hot Chili Peppers Los Angeles
75%
Bruce Springsteen (state) New Jersey
75%
Bob Dylan New York
75%
Madonna New York
75%
Lana Del Rey New York
75%
Van Halen Pasadena
75%
Pearl Jam Seattle
75%
Travis Scott Houston
67%
Pitbull Miami
67%
King Von Chicago
50%
Miley Cyrus (state) Tennnessee
50%
Lizzo Minneapolis
33%
Paramore (state) Tennessee
33%
Lynyrd Skynyrd Jacksonville
25%
Nelly St. Louis
25%
Marvin Gaye Washington, D.C.
25%
Green Day Berkeley
17%
Zach Bryan (state) Oklahoma
8%
SZA St. Louis
8%
Noah Kahan (state) Vermont
8%
No matching quizzes found
Score Distribution
Percent of People with Each Score
Percentile by Number Answered
Your Score History
You have not taken this quiz